Strategic issues for the not-for-profit sector

"This edited collection brings together some of Australia's leading and emerging researchers in the not-for-profit sector and public policy, including Sarah Maddison and Ann Capling. Drawing on original Australian and comparative research. it is a spirited exploration of strategic issues c...

Full description

Bibliographic Details
Corporate Authors: University of Melbourne. Centre for Public Policy., ProQuest (Firm)
Format: Electronic eBook
Language:English
Published: Sydney, N.S.W. : UNSW Press, 2008.
Series:New governance
Subjects:
Online Access:Click to View
LEADER 02349nam a2200397 a 4500
001 EBC421324
003 MiAaPQ
005 20200520144314.0
006 m o d |
007 cr cn|||||||||
008 080724s2008 at a sb 001 0 eng d
010 |z  2008428008 
020 |z 9780868409344 (pbk.) 
035 |a (MiAaPQ)EBC421324 
035 |a (Au-PeEL)EBL421324 
035 |a (CaPaEBR)ebr10355599 
035 |a (OCoLC)437108215 
037 |b UNSW Sydney NSW 2052 
040 |a MiAaPQ  |c MiAaPQ  |d MiAaPQ 
043 |a u-at--- 
050 4 |a HD2769.15  |b .S765 2008 
082 0 4 |a 658.048  |2 22 
245 0 0 |a Strategic issues for the not-for-profit sector  |h [electronic resource] /  |c edited by Jo Barraket. 
260 |a Sydney, N.S.W. :  |b UNSW Press,  |c 2008. 
300 |a viii, 291 p. :  |b ill. 
490 0 |a New governance 
500 |a Published in association with the Centre of Public Policy at the University of Melbourne as the second title in the New governance series. 
504 |a Includes bibliographical references and index. 
520 |a "This edited collection brings together some of Australia's leading and emerging researchers in the not-for-profit sector and public policy, including Sarah Maddison and Ann Capling. Drawing on original Australian and comparative research. it is a spirited exploration of strategic issues currently facing the sector. It highlights current changes in practice, policy development, and research relating to the sector with a specific emphasis on strategic issues relating to partnerships and networks; innovation; and advocacy and accountability. It incorporates perspectives from different parts of the sector, challenging the reader to consider the local and global drivers of change, and the industry, policy, and community imperatives impacting upon not-for-profit sustainability." -- Provided by publisher. 
533 |a Electronic reproduction. Ann Arbor, MI : ProQuest, 2016. Available via World Wide Web. Access may be limited to ProQuest affiliated libraries. 
650 0 |a Nonprofit organizations  |z Australia. 
651 0 |a Australia  |x Social policy. 
655 4 |a Electronic books. 
710 2 |a University of Melbourne.  |b Centre for Public Policy. 
710 2 |a ProQuest (Firm) 
856 4 0 |u https://ebookcentral.proquest.com/lib/matrademy/detail.action?docID=421324  |z Click to View